Budgeting principles
| Main Author: | |
|---|---|
| Format: | Book |
| Published: |
Australia :
Prentice Hall ,
2000
|
| Edition: | 2nd Ed. |
| Subjects: |
MARC
| LEADER | 00000cam a2200000 7i4500 | ||
|---|---|---|---|
| 001 | 0000012469 | ||
| 005 | 20050420.0 | ||
| 020 | |a 1740093046 | ||
| 040 | |a INS | ||
| 090 | 0 | 0 | |a HF5550 |b H2511 2000 |
| 100 | 1 | |a Hart, Jill | |
| 245 | 1 | 0 | |a Budgeting principles |c Jill Hart |
| 250 | |a 2nd Ed. | ||
| 260 | |a Australia : |b Prentice Hall , |c 2000 | ||
| 300 | |a vi : |b 254p ; |c 30cm. | ||
| 650 | 0 | 0 | |a Budget in business |x Business enterprises |y Finance |z Accounting |
| 999 | |a 0000012852 |b BOOK |c Open Shelf |e Default branch | ||